Secular grace / (Registro nro. 27100)

Detalles MARC
000 -LEADER
campo de control de longitud fija 04198cam a22005054i 4500
003 - IDENTIFICADOR DE NÚMERO DE CONTROL
campo de control PE-LiUPU
005 - FECHA Y HORA DE LA ÚLTIMA TRANSACCIÓN
campo de control 20250731173054.0
008 - DATOS DE LONGITUD FIJA--INFORMACIÓN GENERAL
campo de control de longitud fija 180307s2017 ne rb 001 0 eng d
020 ## - NÚMERO INTERNACIONAL ESTÁNDAR DEL LIBRO
Número Internacional Estándar del Libro 9789004332294
035 ## - NÚMERO DE CONTROL DEL SISTEMA
Número de control de sistema (Sirsi) a241473
040 ## - FUENTE DE CATALOGACIÓN
Centro catalogador/agencia de origen PE-LiUPU
Lengua de catalogación spa
Centro/agencia transcriptor PE-LiUPU
Normas de descripción rda
049 ## - FONDOS LOCALES (OCLC)
Biblioteca depositaria PRUA
082 00 - NÚMERO DE LA CLASIFICACIÓN DECIMAL DEWEY
Número de clasificación 234
Cutter S3
Número de edición 23
245 02 - MENCIÓN DEL TÍTULO
Título Secular grace /
Mención de responsabilidad, etc. edited by Dana Freibach-Heifetz ; translated from the Hebrew by Barbara Harshav.
264 #1 - PRODUCCIÓN, PUBLICACIÓN, DISTRIBUCIÓN, FABRICACIÓN Y COPYRIGHT
Producción, publicación, distribución, fabricación y copyright Leiden :
Nombre del de productor, editor, distribuidor, fabricante Brill,
Fecha de producción, publicación, distribución, fabricación o copyright 2017.
300 ## - DESCRIPCIÓN FÍSICA
Extensión xi, 196 páginas :
Dimensiones 25 centímetros.
336 ## - TIPO DE CONTENIDO
Término de tipo de contenido text
Fuente rdacontent
337 ## - TIPO DE MEDIO
Nombre/término del tipo de medio unmediated
Fuente rdamedia
338 ## - TIPO DE SOPORTE
Nombre/término del tipo de soporte volume
Fuente rdacarrier
490 1# - MENCIÓN DE SERIE
Mención de serie Value inquiry book series ;
Designación de volumen o secuencia 299
490 1# - MENCIÓN DE SERIE
Mención de serie Value inquiry book series ;
-- thical theory and practice.
504 ## - NOTA DE BIBLIOGRAFÍA, ETC.
Nota de bibliografía, etc. Bibliografía : páginas 183-189.
504 ## - NOTA DE BIBLIOGRAFÍA, ETC.
Nota de bibliografía, etc. Índice : páginas 190-196.
505 0# - NOTA DE CONTENIDO CON FORMATO
Nota de contenido con formato Introduction -- The death of God -- Freedom devoid of alternatives to Religion -- Quasi-religious alternatives to religion -- Secular humanism -- Secular grace -- The structure and methodology of the book -- Grace and salvation in christianity -- Relation -- Gift -- Free will to give and to receive -- The subjective aspect of grace -- The objective aspect of grace -- Outcomes of graces: Salvation -- Liberation -- Love -- Granting meaning to life -- Selfhood -- Secular grace: First thoughts -- A general concept of grace -- The background of secular grace -- Relationship -- The sides of the relationship of grace -- Equality and reciprocity -- Personal and dialogic relationship -- Free will -- The subjective aspect: Mutual love -- Disinterest -- Acceptance, identification and respect -- Difficulties and dangers -- Secular love and christian love -- The objetive aspect: Acts of grace -- Practical measure of Grace -- Outcomes of grace -- Liberation -- Love -- Meaning -- Selfhood -- Other possible outcomes -- Dialogue, encounter, friendship, gift -- I-Thou relationship according to Buber -- Self-identify between relation and relationship -- Characteristics of I-Tou relationship -- The conditions for the existence of I-Thou relationship -- Outcomes of I-Thou relationship -- I-Thou as grace, grace as I-Thou -- The encounter with the face of the other in the thinking of Levinas -- The world of totality and te world of infinity -- Self-identity in the presence of the other -- Fruits of the ethical relation to the other -- The levinasian encounter with the other´s face and secular grace -- Gift and generosity -- What is a gift -- The giver and the receiver -- The measure of giving -- Dangers of giving and its difficulties -- Secular grace as a gift -- Friendship -- What is friendship -- Between emotion and choice -- Scope of friendship -- Conditions for establishing friendship -- Friendship and Selfhood -- Fruits of friendship -- Difficulties and dangers of friendship -- Friendship as secular grace -- Secular grace: Further Glance -- Secular grace in Prose -- The grace-path of prince Myshkin -- An Idiot, or: Prince Myshikin´s mistake -- Reevaluating prince myshkin´s path -- Grace-relation with the dead -- Relation with the dead -- Secular grace with the dead -- Secular salvation? -- Secular grace and salvation -- Ways of individual secular salvation -- The secular Pilgrim and his salvation -- Secular grace as a Path to salvation -- Humanist, existentialist, secular grace -- Humanism -- Existentialism -- Secularism -- Bibliography -- Index of names -- Index of subjects.
526 ## - NOTA DE INFORMACIÓN SOBRE EL PROGRAMA DE ESTUDIO
Nombre del programa Segunda Especialidad En Profecías Bíblicas
526 ## - NOTA DE INFORMACIÓN SOBRE EL PROGRAMA DE ESTUDIO
Nombre del programa Segunda Especialidad En Nuevo Testamento
526 ## - NOTA DE INFORMACIÓN SOBRE EL PROGRAMA DE ESTUDIO
Nombre del programa Segunda Especialidad En Antiguo Testamento
526 ## - NOTA DE INFORMACIÓN SOBRE EL PROGRAMA DE ESTUDIO
Nombre del programa Segunda Especialidad En Estudios Adventistas
526 ## - NOTA DE INFORMACIÓN SOBRE EL PROGRAMA DE ESTUDIO
Nombre del programa Doctorado en teología
526 ## - NOTA DE INFORMACIÓN SOBRE EL PROGRAMA DE ESTUDIO
Nombre del programa Maestría en teología histórica
526 ## - NOTA DE INFORMACIÓN SOBRE EL PROGRAMA DE ESTUDIO
Nombre del programa Maestría en teología bíblica
526 ## - NOTA DE INFORMACIÓN SOBRE EL PROGRAMA DE ESTUDIO
Nombre del programa Maestría en teología
526 ## - NOTA DE INFORMACIÓN SOBRE EL PROGRAMA DE ESTUDIO
Nombre del programa Maestría en misionología
526 ## - NOTA DE INFORMACIÓN SOBRE EL PROGRAMA DE ESTUDIO
Nombre del programa Maestría en liderazgo eclesiástico
526 ## - NOTA DE INFORMACIÓN SOBRE EL PROGRAMA DE ESTUDIO
Nombre del programa Teología
596 ## -
-- 1
650 04 - PUNTO DE ACCESO ADICIONAL DE MATERIA--TÉRMINO DE MATERIA
Término de materia o nombre geográfico como elemento de entrada Ética existencial
Subdivisión general Existential ethics.
650 04 - PUNTO DE ACCESO ADICIONAL DE MATERIA--TÉRMINO DE MATERIA
Término de materia o nombre geográfico como elemento de entrada Gracia
Subdivisión general Grace.
700 1# - ENTRADA AGREGADA--NOMBRE PERSONAL
Nombre de persona Harshav, Barbara,
Término indicativo de función/relación editor.
910 ## - DATOS DE OPCIÓN DEL USUARIO (OCLC)
Datos de opción del usuario dbm
-- wmm
-- wmm
-- 20180307
942 ## - ELEMENTOS DE ENTRADA SECUNDARIOS (KOHA)
Fuente del sistema de clasificación o colocación Clasificación Decimal Dewey
Tipo de ítem Koha
994 ## -
-- C0
-- PEPRU
999 ## - NÚMEROS DE CONTROL DE SISTEMA (KOHA)
-- DEWEY
-- 78364
-- 2021-11-10
-- 4
-- CCODEBUL1
-- BUL
-- 60.00
-- 0
-- Y
-- BOOK
-- 2018-3-8
-- TEOLOGIA
-- P35
-- COMPRA
-- .STAFF. Colección Teología
980 ## - EQUIVALENCIA O REFERENCIA-CRUZADA-MENCIÓN DE SERIE--NOMBRE DE PERSONA/TÍTULO [LOCAL, CANADÁ]
ID del último usuario que modificó el registro 1
Nombre del último usuario que modificó el registro ALBERTO SANCHEZ Responsable de Automatización
Existencias
Visto por última vez Número de inventario Total de préstamos Signatura topográfica completa Código de barras Copia número Coste, precio de reemplazo Fecha de reemplazo Facultad Tipo de ítem Koha Nota pública Estado de pérdida Fuente del sistema de clasificación o colocación Restricciones de uso No para préstamo Colección Programa académico Biblioteca de origen Biblioteca actual Ubicación en estantería Fecha de adquisición Fuente de adquisición Coste, precio normal de compra
2025-12-03 5   234 S3 78364 e1 65.00 2018-03-08   Libros físicos inventario-2023-12-13 No Perdido Clasificación Decimal Dewey No restringido Disponible para préstamos Colección General Teología Biblioteca CRAI UPeU Lima Biblioteca CRAI UPeU Lima Sala principal 2018-03-08 COMPRA 60.00